000 00824nam a2200253Ia 4500
003 OSt
005 20221005092915.0
006 a|||||r|||| 00| 0
007 ta
008 221004b |||||||| |||| 00| 0 eng d
020 _a9780815635178 (pbk)
_cUSD 29.95
024 _a34443
037 _b8188, 12/09/2017, Efficient Book Distributors
_cTextual
040 _aCRL
_cCRL
_beng
041 _2eng
_aeng
082 _aZ(Q7), Q5
100 _aIbrahim Ahmed Fekry Au.
_9617912
245 0 _aPragmatism in Islamic law
_b a social and intellectual history
260 _aNew York
_bSyracuse University Press USA
_c2015
300 _axvi,363p.
_ccm.
650 _aISLAMIC LAW
942 _hZ(Q7), Q5
_cTEXL
_2cc
999 _c999556
_d999556